000 02379cam a22004094i 4500
003 PE-LiUPU
005 20250731183431.0
008 150706s r 000 0 d
020 _a9788497428897
035 _a(Sirsi) i9788497428897
040 _aPE-LiUPU
_bspa
_cPE-LiUPU
_erda
049 _aPRUA
082 0 4 _a720.1
_bM55
_221
100 1 _aMielgo Brezazzi, Daniel,
_eautor.
245 1 0 _aConstruir ficciones :
_buna filosofía de la arquitectura /
_cDaniel Mielgo Bregazzi.
264 1 _aMadrid :
_bEditorial Biblioteca Nueva,
_c2008.
300 _a308 páginas :
_bilustraciones ;
_c21 cm.
336 _atext
_2rdacontent
337 _aunmediated
_2rdamedia
338 _avolume
_2rdacarrier
490 0 _aMetrópoli ;
_v14
504 _aIncluye bibliografía.
505 0 _aTres visiones de Babel -- Situación del mito -- La problemática del "pueblo elegido" -- Tres visiones de Babel -- Dios castigó a los mortales por aspirar al cielo -- Dios castigó a los mortales por perseguir un nombre común -- Dios recompensó a los mortales al ofrecerles los lenguajes -- Las dos torres de Bruegel -- Conclusiones de un mito -- Lenguaje y objeto arquitectónico -- La paradoja en Vitruvio -- Concinnitas -- Empezar de cero: manifiesto frente a tratado -- Un caso típico: los escritos de Daniel Libeskind -- La palabra como pretexto -- Omisiones voluntarias -- Torre de la libertad: o de cómo construir para las buenas víctimas -- El fetiche como destino de la arquitectura -- Precedentes: el fetichismo como forma de alienación -- La arbitrariedad según Moneo -- El fetiche y lo bello -- Algunos ejemplos de fetichismo -- El fetiche y el bien -- Arquitectura y lenguaje: tres fases.
526 _aP158
526 _aP146
526 _aP17
526 _aP12
526 _aP06
541 _g001-003517;
650 0 4 _aArquitectura
_xFilosofía.
910 _agl
_bjv
_clch
_d20120601
942 _2ddc
_cBOOK
949 _a720.1 M55
_wDEWEY
_c1
_i64738
_lCCODEBUL1
_mBUL
_p30.00
_r0
_sY
_tBOOK
_u2015-7-6
_xINGENIERIA
_PP06
_o.STAFF. Colección General
994 _aC0
_bPEPRU
596 _a1
999 _a720.1 M55
_wDEWEY
_c53440
_i64738
_d53440
_f2021-11-9
_g7
_lCCODEBUL1
_mBUL
_p30.00
_q1
_r0
_sY
_tBOOK
_u2015-7-6
_xINGENIERIA
_PP06
_0COMPRA
_o.STAFF. Colección General
980 _81
_gALBERTO SANCHEZ Responsable de Automatización